Giăng-giắc Ru-xô

Saved in:
Bibliographic Details
Main Author: Phùng Văn Tửu
Format: Book
Language:Undetermined
Subjects:
Tags: Add Tag
No Tags, Be the first to tag this record!
Institutions: Trung tâm Học liệu Trường Đại học Cần Thơ
LEADER 00510nam a2200157Ia 4500
001 CTU_32739
008 210402s9999 xx 000 0 und d
020 |b cần thêm chi tiết mô tả 
082 |a 843.0092 
082 |b T656 
100 |a Phùng Văn Tửu 
245 0 |a Giăng-giắc Ru-xô 
245 0 |c Phùng Văn Tửu 
650 |a french literature - history and criticism 
904 |i Nguyễn Quang Điền, 990817 
980 |a Trung tâm Học liệu Trường Đại học Cần Thơ